Entry Nombre personal
001 - NÚMERO DE CONTROL
- campo de control: 61252
003 - IDENTIFICADOR DEL NÚMERO DE CONTROL
- campo de control: OSt
005 - FECHA Y HORA DE LA ÚLTIMA TRANSACCIÓN
- campo de control: 20240502103719.0
008 - DATOS DE LONGITUD FIJA
- campo de control de longitud fija: 200615|| aca||aabn | a|a d
040 ## - FUENTE DE LA CATALOGACIÓN
- Centro catalogador/agencia de origen: Sd-BNP
- Lengua de catalogación: spa
- Centro/agencia transcriptor: BNPHU
- Normas de descripción: rda
046 ## - FECHAS CON CODIFICACIÓN ESPECIAL
- Fecha de nacimiento: 1907-04-03
- Fecha de la muerte: 1967-08-19
100 1# - ENCABEZAMIENTO-NOMBRE DE PERSONA
- Nombre de persona: Deutscher, Isaac,
- Fechas asociadas al nombre: 1907-1967
377 ## - LENGUA/LENGUAJE ASOCIADO
- Código del idioma: eng
400 1# - TRAZADO DE VÉASE--NOMBRE DE PERSONA
- Nombre de persona: Doæicher, Isaak,
- Fechas asociadas al nombre: 1907-1967
400 1# - TRAZADO DE VÉASE--NOMBRE DE PERSONA
- Nombre de persona: Doĭcher, Isaak,
- Fechas asociadas al nombre: 1907-1967
400 1# - TRAZADO DE VÉASE--NOMBRE DE PERSONA
- Nombre de persona: Bren, Josef,
- Fechas asociadas al nombre: 1907-1967
400 1# - TRAZADO DE VÉASE--NOMBRE DE PERSONA
- Nombre de persona: Brabiec, Adam,
- Fechas asociadas al nombre: 1907-1967
400 1# - TRAZADO DE VÉASE--NOMBRE DE PERSONA
- Nombre de persona: Grzela, Jan,
- Fechas asociadas al nombre: 1907-1967
400 1# - TRAZADO DE VÉASE--NOMBRE DE PERSONA
- Nombre de persona: Bren, Josef,
- Fechas asociadas al nombre: 1907-1967
400 1# - TRAZADO DE VÉASE--NOMBRE DE PERSONA
- Nombre de persona: Brabiec, Adam,
- Fechas asociadas al nombre: 1907-1967
670 ## - FUENTE DE DATOS ENCONTRADOS
- Cita de la fuente: Work cat.: (OSt)34910: Deutscherc, Isaac, 1907-1967, La revolución inconclusa :, 1967.
670 ## - FUENTE DE DATOS ENCONTRADOS
- Identificador Uniforme del Recurso: https://authorities.loc.gov/cgi-bin/Pwebrecon.cgi?AuthRecID=934348&v1=1&HC=1&SEQ=20240502103245&PID=_v5DrlFvRM6zQtNKVYyMdppLoh-L Consultado en 02 de Mayo, 2024
670 ## - FUENTE DE DATOS ENCONTRADOS
- Identificador Uniforme del Recurso: https://librunam.dgb.unam.mx:8443/F/7UM5XMLYFT1IUIR8IK47BK6RMAGBQLJ6HMXCQX9FGXKGY6PI6U-14155?func=full-set-set&set_number=007715&set_entry=000001&format=001 Consultado en 02 de Mayo, 2024
